<?xml version="1.0" encoding="UTF-8"?><?xml-stylesheet type="text/xsl" href="static/style.xsl"?><OAI-PMH xmlns="http://www.openarchives.org/OAI/2.0/" xmlns:xsi="http://www.w3.org/2001/XMLSchema-instance" xsi:schemaLocation="http://www.openarchives.org/OAI/2.0/ http://www.openarchives.org/OAI/2.0/OAI-PMH.xsd"><responseDate>2026-04-18T07:00:53Z</responseDate><request verb="GetRecord" identifier="oai:www.recercat.cat:20.500.12327/3804" metadataPrefix="marc">https://recercat.cat/oai/request</request><GetRecord><record><header><identifier>oai:recercat.cat:20.500.12327/3804</identifier><datestamp>2025-10-22T11:15:15Z</datestamp><setSpec>com_2072_4428</setSpec><setSpec>com_2072_4427</setSpec><setSpec>col_2072_487898</setSpec></header><metadata><record xmlns="http://www.loc.gov/MARC21/slim" xmlns:dcterms="http://purl.org/dc/terms/" xmlns:xsi="http://www.w3.org/2001/XMLSchema-instance" xmlns:doc="http://www.lyncode.com/xoai" xsi:schemaLocation="http://www.loc.gov/MARC21/slim http://www.loc.gov/standards/marcxml/schema/MARC21slim.xsd">
   <leader>00925njm 22002777a 4500</leader>
   <datafield ind2=" " ind1=" " tag="042">
      <subfield code="a">dc</subfield>
   </datafield>
   <datafield ind2=" " ind1=" " tag="720">
      <subfield code="a">Palou, Lluís</subfield>
      <subfield code="e">author</subfield>
   </datafield>
   <datafield ind2=" " ind1=" " tag="720">
      <subfield code="a">Smilanick, Joseph L.</subfield>
      <subfield code="e">author</subfield>
   </datafield>
   <datafield ind2=" " ind1=" " tag="720">
      <subfield code="a">Usall, Josep</subfield>
      <subfield code="e">author</subfield>
   </datafield>
   <datafield ind2=" " ind1=" " tag="720">
      <subfield code="a">Viñas, Inmaculada</subfield>
      <subfield code="e">author</subfield>
   </datafield>
   <datafield ind2=" " ind1=" " tag="260">
      <subfield code="c">2001-04</subfield>
   </datafield>
   <datafield ind2=" " ind1=" " tag="520">
      <subfield code="a">Control of citrus blue mold, caused by Penicillium italicum, was evaluated on artificially inoculated oranges immersed in water at up to 75°C for 150 s; in 2 to 4% sodium carbonate&#xd;
(wt/vol) at 20 or 45°C for 60 or 150 s; or in 1 to 4% sodium bicarbonate at room temperature for&#xd;
150 s, followed by storage at 20°C for 7 days. Hot water controlled blue mold at 50 to 55°C,&#xd;
temperatures near those that injured fruit, and its effectiveness declined after 14 days of storage.&#xd;
Sodium carbonate and sodium bicarbonate were superior to hot water. Temperature of sodium&#xd;
carbonate solutions influenced effectiveness more than concentration or immersion period.&#xd;
Sodium carbonate applied for 150 s at 45°C at 3 or 4% reduced decay more than 90%. Sodium&#xd;
bicarbonate applied at room temperature at 2 to 4% reduced blue mold by more than 50%, while&#xd;
1% was ineffective. In another set of experiments, treatments of sodium bicarbonate at room&#xd;
temperature, sodium carbonate at 45°C, and hot water at 45°C reduced blue mold incidence on&#xd;
artificially inoculated oranges to 6, 14, and 27%, respectively, after 3 weeks of storage at 3°C.&#xd;
These treatments reduced green mold incidence to 6, 1, and 12%, respectively, while incidence&#xd;
among controls of both molds was about 100%. When reexamined 5 weeks later, the effectiveness of all, particularly hot water, declined. In conclusion, efficacy of hot water, sodium carbonate, and sodium bicarbonate treatments against blue mold compared to that against green mold&#xd;
was similar after storage at 20°C but proved inferior during long-term cold storage</subfield>
   </datafield>
   <datafield ind1="8" ind2=" " tag="024">
      <subfield code="a">Palou, Lluís, Joseph L. Smilanick, Josep Usall, and Inmaculada Viñas. 2001. «Control Of Postharvest Blue And Green Molds Of Oranges By Hot Water, Sodium Carbonate, And Sodium Bicarbonate». Plant Disease 85 (4): 371-376. doi: 10.1094/pdis.2001.85.4.371</subfield>
   </datafield>
   <datafield ind1="8" ind2=" " tag="024">
      <subfield code="a">0191-2917</subfield>
   </datafield>
   <datafield ind1="8" ind2=" " tag="024">
      <subfield code="a">http://hdl.handle.net/20.500.12327/3804</subfield>
   </datafield>
   <datafield ind1="8" ind2=" " tag="024">
      <subfield code="a">https://doi.org/10.1094/PDIS.2001.85.4.371</subfield>
   </datafield>
   <datafield ind2="0" ind1="0" tag="245">
      <subfield code="a">Control of Postharvest Blue and Green Molds of Oranges by Hot Water, Sodium Carbonate, and Sodium Bicarbonate</subfield>
   </datafield>
</record></metadata></record></GetRecord></OAI-PMH>